| 000 | 00000nam##2200000za#4500 |
| 001 | 9.684607 |
| 003 | CaOODSP |
| 005 | 20210615134317 |
| 007 | ta |
| 008 | 150407|2009||||xxc||||| f|0| 0 fre|d |
| 020 | |a978-1-100-91598-2 |
| 040 | |aCaOODSP|bfre |
| 043 | |an-cn--- |
| 086 | 1 |aFs121-7/2008F |
| 110 | 1 |aCanada. |bMinistère des pêches et des océans. |
| 245 | 10|aRéseau des observateurs du capelan - bilan des activités 2008 / |cPublication de la Direction régionale des océans, de l'habitat et des espèces en péril. |
| 260 | |aMont-Joli - Québec : |bPêches et Océans Canada |cc2009. |
| 300 | |a27p. : |bcartes en couleur, tableaux, photographies ; |c22 cm. |
| 563 | |aCouverture souple |
| 590 | |a09-43|b2009-10-23 |
| 691 | 07|aPoisson d'eau douce|2gcpds |
| 775 | 08|tThe Capelin Observers Network 2008 activity report / |w(CaOODSP)9.651588 |
| 776 | 0#|tRéseau des observateurs du capelan - bilan des activités 2008 |w(CaOODSP)9.636443 |